01011nam a22001097a 4500008004100000100004800041245008600089260002100175300003200196520065200228773002100880210102b ||||| |||| 00| 0 eng d aShandra, J.M., Restivo M. and Sommer, J.M.  aAppetite for destructions? China, Ecologically unequal exchange, and forest loss* aRural Sociology  a85(2), Jun, 2020: p.346-375 aWe test the hypothesis from the theory of ecologically unequal exchange that agricultural exports to China are related to increased forest loss in low‐ and middle‐income nations exporting to it. We do so by analyzing data for 75 low‐ and middle‐income nations using ordinary least squares regression. We find support for our hypothesis that flows of agricultural exports from low‐ and middle‐income nations to China are related to increased forest loss in exporting nations. We also find that a country's total agricultural exports, proximity of forest to infrastructure, and protected areas tend to increase forest loss. - Reproduced  aRural Sociology